[Event "Dueville op-B 1st"]
[Site "Dueville"]
[Date "2023.06.02"]
[Round "1"]
[White "Rossi, Francesco2222"]
[Black "Boerci, Leonardo"]
[Result "0-1"]
[WhiteElo "1600"]
[BlackElo "1753"]
[PlyCount "100"]
[EventDate "2023.06.01"]
[EventType "swiss"]
[EventRounds "5"]
[EventCountry "ITA"]
[SourceTitle "EXT 2024"]
[Source "ChessBase"]
[SourceDate "2023.10.10"]
[SourceVersion "1"]
[SourceVersionDate "2023.10.10"]
[SourceQuality "1"]

1. e4 c5 2. Nf3 d6 3. Bb5+ Bd7 4. Bxd7+ Qxd7 5. 0-0 Nc6 6. c4 g6 7. Nc3 Bg7 8. d3 e6 9. Be3 Nge7 10. d4 cxd4 11. Nxd4 0-0 12. Qd2 Rfd8 13. Rfd1 Ne5 14. b3 d5 15. cxd5 exd5 16. f4 Ng4 17. e5 Nxe3 18. Qxe3 Nc6 19. Rd2 Bf8 20. e6 Qe8 21. exf7+ Qxf7 22. Qe6 Nxd4 23. Qxf7+ Kxf7 24. Rxd4 Bc5 25. Rad1 Rac8 26. Ne2 Re8 27. Kf1 Bxd4 28. Nxd4 Re4 29. g3 Rd8 30. Nb5 a6 31. Nc3 Re6 32. Rxd5 Rxd5 33. Nxd5 Rd6 34. Nc3 Rd2 35. h4 Rc2 36. Ne4 Rxa2 37. Nd6+ Ke6 38. Nxb7 Kf5 39. Nc5 Kg4 40. Ne4 h5 41. b4 Kf3 42. Ng5+ Kxg3 43. Ne4+ Kf3 44. Ng5+ Kxf4 45. Ne6+ Kg4 46. Nf8 Kxh4 47. Nxg6+ Kg3 48. Ne5 h4 49. b5 axb5 50. Nc4 bxc4 0-1

[Event "Treviso op-D 1st"]
[Site "Treviso"]
[Date "2017.03.19"]
[Round "4.7"]
[White "Sgnaolin, Giosue"]
[Black "Boerci, Leonardo"]
[Result "0-1"]
[WhiteElo "1440"]
[BlackElo "1254"]
[PlyCount "86"]
[EventDate "2017.03.17"]
[EventType "swiss"]
[EventRounds "5"]
[EventCountry "ITA"]
[SourceTitle "EXT 2024"]
[Source "ChessBase"]
[SourceDate "2023.10.10"]
[SourceVersion "1"]
[SourceVersionDate "2023.10.10"]
[SourceQuality "1"]

1. e4 d6 2. d4 Nf6 3. Nc3 g6 4. Nf3 Bg7 5. Be2 0-0 6. 0-0 e5 7. dxe5 dxe5 8. Bg5 Qxd1 9. Raxd1 Be6 10. Rd2 Nc6 11. Rfd1 a6 12. Bxf6 Bxf6 13. Nd5 Bxd5 14. exd5 Nd4 15. c3 Nxe2+ 16. Rxe2 Rfe8 17. Rde1 Rad8 18. Nxe5 Rxd5 19. Nf3 Rxe2 20. Rxe2 Rd1+ 21. Re1 Rxe1+ 22. Nxe1 Kf8 23. Kf1 Ke7 24. Ke2 Ke6 25. Ke3 Bg5+ 26. f4 Bf6 27. Nf3 c5 28. g4 b5 29. Kd3 Kd5 30. b3 c4+ 31. bxc4+ bxc4+ 32. Ke3 Bxc3 33. Ng5 Ba5 34. Nxf7 c3 35. Ne5 c2 36. Nd3 Kc4 37. f5 gxf5 38. gxf5 Kc3 39. f6 Bd8 40. f7 Be7 41. h4 h5 42. Nc1 Kb2 43. Kd2 Bb4+ 0-1

[Event "Chioggia op-C 11th"]
[Site "Chioggia"]
[Date "2016.10.09"]
[Round "4"]
[White "Daniele, Fabio"]
[Black "Boerci, Leonardo"]
[Result "0-1"]
[WhiteElo "1394"]
[BlackElo "1141"]
[PlyCount "42"]
[EventDate "2016.10.07"]
[EventType "swiss"]
[EventRounds "5"]
[EventCountry "ITA"]
[SourceTitle "EXT 2022"]
[Source "ChessBase"]
[SourceDate "2021.10.06"]
[SourceVersion "1"]
[SourceVersionDate "2021.10.06"]
[SourceQuality "1"]

1. e4 d6 2. d4 Nf6 3. Nc3 g6 4. Nf3 Bg7 5. h3 0-0 6. Bc4 Nc6 7. a3 Nxe4 8. Nxe4 d5 9. Ba2 dxe4 10. Ng5 Qxd4 11. Qe2 Bf5 12. g4 Bd7 13. Nxe4 Ne5 14. 0-0 Bc6 15. Ng5 h6 16. Be3 Qxb2 17. f4 hxg5 18. fxe5 Qxe5 19. Qf2 e6 20. Rad1 Qe4 21. Qg3 Be5 0-1